| 000 | 00683nam a2200217 i 4500 | ||
|---|---|---|---|
| 001 | 20473 | ||
| 003 | ES-MaACL | ||
| 005 | 20230906152318.0 | ||
| 007 | t| | ||
| 008 | 021113s1981 sp ||||1| spa d | ||
| 020 | _a84-239-4759-9 | ||
| 020 | _a84-239-4762-9 | ||
| 080 | _a811.134.2'36 | ||
| 110 | 2 |
_aReal Academia Española. _bComisión de Gramática. _96338 |
|
| 245 | 1 | 0 |
_aEsbozo de una nueva gramática de la lengua española / _cReal Academia Española, Comisión de Gramática. |
| 250 | _a1ª ed., 7ª reimp. | ||
| 260 |
_aMadrid : _bEspasa-Calpe, _c1981. |
||
| 300 |
_a592 p. ; _c22 cm. |
||
| 650 | 4 |
_aLengua española- _xGramática. _914161 |
|
| 852 | 4 |
_aES-MaACL _jL-424 |
|
| 999 |
_c20473 _d20473 |
||